Civilización: una visión personal
Guardado en:
| Autor principal: | |
|---|---|
| Formato: | Libro |
| Lenguaje: | español |
| Publicado: |
Madrid
Alianza
2013
|
| Edición: | 3a. ed |
| Colección: | El Libro de Bolsillo, H23
|
| Materias: | |
| Etiquetas: |
Agregar Etiqueta
Sin Etiquetas, Sea el primero en etiquetar este registro!
|
MARC
| LEADER | 00000cam a2200000 a 4500 | ||
|---|---|---|---|
| 001 | UCD0365 | ||
| 003 | CL-VaPUC | ||
| 008 | 151127e20130000sp |||||||||||||||||spa|d | ||
| 020 | |a 9788420678252 | ||
| 082 | 0 | 4 | |a 901 |b CLA |2 21 |
| 100 | 0 | |a Clark, Kenneth |e author |9 583352 | |
| 245 | 1 | 0 | |a Civilización: una visión personal |
| 250 | |a 3a. ed | ||
| 300 | |a 571 p | ||
| 942 | |c BK | ||
| 945 | |d 20151127 13:45:00 |a dcastane | ||
| 260 | |a Madrid |b Alianza |c 2013 | ||
| 650 | 0 | |a Historia de la humanidad |9 557996 | |
| 650 | 0 | |a Historia del arte |9 314877 | |
| 583 | |a last modification |c 20151127 13:45:00 |k Rodrigo Vera | ||
| 490 | 0 | |a El Libro de Bolsillo, H23 | |
| 999 | |c 361930 |d 361928 | ||
| 952 | |0 0 |1 0 |3 erb |4 0 |6 901_000000000000000_CLA_2013 |7 0 |8 A |9 472681 |a BIBART |b BIBART |i 5252350 |o 901 CLA 2013 |p 5252350 |r 2025-03-13 |w 2019-11-24 |y BK |z Catalogado en:20151127 |k ART | ||